Overwatch / Personnages par Images - Statistiques

Statistiques générales
  • Ce quiz a été pris 606 fois
    276 depuis la dernière actualisation
  • Le résultat moyen est 37 sur 44
Statistiques - réponses
Par images Réponse % Correct
Tracer
99%
Faucheur
98%
Bastion
97%
Chacal
97%
Ange
94%
DVA
94%
Fatale
94%
Mccree
94%
Ashe
93%
Genji
93%
Soldat 76
92%
Hanzo
91%
Mei
91%
Sombra
91%
Doomfist
90%
Echo
90%
Lucio
90%
Pharah
89%
Winston
89%
Ana
88%
Moira
87%
Reinhardt
87%
Symmetra
87%
Baptiste
85%
Brigitte
85%
Chopper
85%
Orisa
85%
Zenyatta
85%
Kiriko
84%
Sojourn
83%
Sigma
82%
Torbjörn
82%
Zarya
81%
Mauga
77%
Juno
75%
Ramatra
75%
Venture
75%
Vital
74%
Bouldozer
73%
Vendetta
73%
Reine Junker
68%
Illari
66%
Danger / Hazard
63%
Wuyang
61%
Aucun quiz correspondant
Distribution des résultats
% des personnes avec chaque résultat
Percentile par nombre de réponses
Votre historique - résultats
Vous n’avez pas pris ce quiz depuis la dernière actualisation